[Event "ESP-ch U10 rapid"]
[Site "Salobrena"]
[Date "2024.07.07"]
[Round "7"]
[White "Bujdoso, Erik"]
[Black "Palie, Sheila Martina"]
[Result "1-0"]
[WhiteElo "1485"]
[BlackElo "1630"]
[PlyCount "135"]
[EventDate "2024.07.06"]
[EventType "swiss (rapid)"]
[EventRounds "9"]
[EventCountry "ESP"]
[SourceTitle "EXT 2025"]
[Source "ChessBase"]
[SourceDate "2024.10.14"]
[SourceVersion "1"]
[SourceVersionDate "2024.10.14"]
[SourceQuality "1"]

1. c4 e5 2. Nc3 Nf6 3. g3 Nc6 4. Bg2 Bc5 5. e3 d6 6. Nge2 Bf5 7. 0-0 Qd7 8. d4 Bb6 9. d5 Ne7 10. Re1 0-0 11. f4 Bh3 12. Bh1 Ng6 13. fxe5 dxe5 14. Ne4 Qf5 15. Nxf6+ Qxf6 16. Nc3 Qg5 17. Ne4 Qf5 18. Qf3 Qd7 19. Nf2 Bf5 20. e4 Bg4 21. Qg2 Bh3 22. Qf3 Qd6 23. Be3 Bxe3 24. Rxe3 Bd7 25. a3 Qb6 26. Rb3 Qd4 27. Qd3 Qxd3 28. Rxd3 f5 29. Rad1 Ba4 30. b3 Bd7 31. Bg2 f4 32. g4 Nh4 33. Rh3 Nxg2 34. Kxg2 c6 35. d6 Rad8 36. c5 b6 37. b4 Rf6 38. Rh5 f3+ 39. Kg3 Re8 40. Rd3 Rg6 41. Rxf3 h6 42. h3 Kh7 43. Nd3 Rge6 44. g5 Kg6 45. Rh4 Kxg5 46. Rg4+ Kh5 47. Rf5+ g5 48. h4 Kg6 49. hxg5 Kg7 50. gxh6+ Kxh6 51. Rh4+ Kg7 52. Rg5+ Kf6 53. Rf5+ Kg6 54. Rg4+ Kh6 55. Kh4 Rg6 56. Rh5+ Kg7 57. Rxg6+ Kxg6 58. Nxe5+ Kf6 59. Nxd7+ Ke6 60. Rh7 b5 61. Kg5 Rg8+ 62. Kh6 a5 63. bxa5 Rg6+ 64. Kxg6 b4 65. a6 b3 66. a7 b2 67. a8Q b1Q 68. Qe8# 1-0

[Event "ESP-ch U10 rapid"]
[Site "Salobrena"]
[Date "2024.07.07"]
[Round "9"]
[White "Hurtado Lojo, Sofia"]
[Black "Palie, Sheila Martina"]
[Result "0-1"]
[WhiteElo "1450"]
[BlackElo "1630"]
[PlyCount "46"]
[EventDate "2024.07.06"]
[EventType "swiss (rapid)"]
[EventRounds "9"]
[EventCountry "ESP"]
[SourceTitle "EXT 2025"]
[Source "ChessBase"]
[SourceDate "2024.10.14"]
[SourceVersion "1"]
[SourceVersionDate "2024.10.14"]
[SourceQuality "1"]

1. e4 e5 2. Nf3 Nc6 3. Bc4 Nf6 4. Nc3 Bc5 5. d3 d6 6. 0-0 Bg4 7. h3 Bh5 8. Bg5 h6 9. Bh4 g5 10. Bg3 Nd4 11. Nd5 Nxf3+ 12. gxf3 c6 13. Nc3 Qd7 14. Kh2 Bg6 15. Rg1 h5 16. Qd2 g4 17. Qg5 Nh7 18. Qh6 0-0-0 19. Qd2 Nf6 20. h4 gxf3 21. Qd1 Ng4+ 22. Kh1 Nxf2+ 23. Kh2 Qh3# 0-1

[Event "ESP-ch U10 rapid"]
[Site "Salobrena"]
[Date "2024.07.07"]
[Round "8"]
[White "Palie, Sheila Martina"]
[Black "Pabon Hermann, Anna"]
[Result "0-1"]
[WhiteElo "1630"]
[BlackElo "1509"]
[PlyCount "58"]
[EventDate "2024.07.06"]
[EventType "swiss (rapid)"]
[EventRounds "9"]
[EventCountry "ESP"]
[SourceTitle "EXT 2025"]
[Source "ChessBase"]
[SourceDate "2024.10.14"]
[SourceVersion "1"]
[SourceVersionDate "2024.10.14"]
[SourceQuality "1"]

1. e4 c5 2. Nf3 g6 3. d4 cxd4 4. Nxd4 Bg7 5. Nc3 Nc6 6. Nb3 Nf6 7. Bf4 0-0 8. Qd2 d6 9. Bh6 Bd7 10. f3 Rc8 11. 0-0-0 a5 12. g4 Ne5 13. Bg2 a4 14. Nd4 Nc6 15. Bxg7 Kxg7 16. Nxa4 Nxd4 17. Qxd4 Bxa4 18. Qxa4 Ra8 19. Qb3 Nd7 20. h4 Nc5 21. Qc4 b5 22. Qxb5 Rxa2 23. Kb1 Qa8 24. Kc1 Rb8 25. Qf1 Rbxb2 26. Kd2 Rxc2+ 27. Ke3 Rxg2 28. h5 Qa3+ 29. Kf4 Ne6# 0-1